000
00203 a2200097 4500
001
35141
100
_a
S I D
245
_a
Bhattu Say Bhattu Tak
260
_a
Lahore
_b
Jang Pub
_c
090
_c
23285
_d
23285
942
_a
NUST-CAE
_c
M
_c
14764
999
_c
270214
_d
270214